LEADER 01166nam a2200265 u 4500 001 000000007497 003 CaOOAMICUS 005 20140408153503.0 008 941110s1899 sz u000 u ger u 035 $a10196091 040 $aPUL(R)$bita 100 1 $aFaulhaber, Michael von,$ccard.,$d1869-1952.$0(OLS)http://pul/name/7578 245 14$aDie Propheten-Catenen nach römischen Handschriften /$cvon Dr. M. Faulhaber. 260 $aFreiburg i. B. :$bHerder,$c1899. 300 $axv, 218 p., 1 f. ;$c23 cm 490 1 $aBiblische Studien ;$vBd. 4, Hft. 2-3 504 $a"Handschriften-Register": p. 217-218. 630 04$aBiblia$xCatene$xManoscritti.$0(OLS)http://pul/subject/6643 630 04$aBiblia.$pV.T.$pProphetae$xCatene.$0(OLS)http://pul/subject/6644 830 0$aBiblische Studien ;$vBd. 4, Hft. 2-3.$0(OLS)http://pul/title/10987 850 $aPUL 852 $aPUL$W1$xDP2 Religione 1$y63$m7 F 24$j10583$nBK-PRI$qStampati Antico$B10583$CPULBib$Z2$F10583 $82 941 1 $a15 996 $6245$aDie Propheten-Catenen nach römischen Handschriften$9(OLS)http://pul/title/10986 996 $6260$aFreiburg i. B. :$bHerder$9(OLS)http://pul/publisher/51735 LEADER 01000nam a2200229 u 4500 001 000000066846 003 CaOOAMICUS 005 20070226121624.0 008 020125s1901 it u000 u ita u 035 $a10918042 040 $aPUL(R)$bita 100 1 $aMarcarelli, Michelangelo.$0(OLS)http://pul/name/44706 245 10$aDissertazione teologica filosofica morale sulla chiesa e sul papato contro gli errori delle sette moderne /$cper il sacerdote Michelangelo Marcarelli .. 260 $aRoma :$bF. Kleinbub,$c1901. 300 $a86 p. ;$c23 cm 650 4$aPapi$xInfallibilitā.$0(OLS)http://pul/subject/1401 850 $aPUL 852 $aPUL$W1$xDP2 Religione 1$y63$m63 D 31$j86441$nBK-PRI$qStampati$B86441$CPULBib$Z2$F86441 $82 941 1 $a8 961 $aINV: 6056 996 $6245$aDissertazione teologica filosofica morale sulla chiesa e sul papato contro gli errori delle sette moderne$9(OLS)http://pul/title/88721 996 $6260$aRoma :$bF. Kleinbub$9(OLS)http://pul/publisher/71469